Responses for Show #3723 - Wednesday, November 8, 2000

2000-B College Championship quarterfinal game 1.
From the University of Washington in Seattle.

Contestants

[<< previous game]

Lisa Thimjon, a sophomore at Luther College from Sioux Falls, South Dakota

Dave Sabath, a senior at Wisconsin-Madison from Western Springs, Illinois

Suzanne Rivoire, a senior at the University of Texas from Spring, Texas

[next game >>]

Jeopardy! Round responses

LIT-POURRI
ROAD TRIP
WHAT'S ON CABLE?
(Alex: We'll give you the series; you identify the cable network.)
(Alex: A whole category about...)
NEARLY USELESS INFORMATION
CROSSWORD CLUES "R"
HIS STORY
    $100 7
"Robinson Crusoe"

Suzanne
    $100 11
Las Vegas

Dave
    $100 16
VH1

Lisa
    $100 21
Asia

Suzanne
    $100 2
Rumpelstiltskin

Dave
    $100 23
Adam

Suzanne
    $200 1
"Catch-22"

Suzanne
    $200 12
Ghost town

Lisa
    $200 17
Comedy Central

Lisa
    $200 22
(D: What is 1?)
(Alex: The eagle in profile & the eye on the pyramid.)

2

Dave
Triple Stumper
    $200 3
(Paul) Revere

Lisa
    $200 24
John Lennon

Suzanne
    $300 8
C.S. Lewis

Dave
    $300 13
Mississippi River

Suzanne
    $300 18
(Alex: Now why did I figure you'd be the one to come up with that response?!)

HBO

Dave
    $300 28
(L: What are Zimbabwe & Zaire?)

Zambia & Zimbabwe

SuzanneLisa
    $300 4
Rocky

Dave
    $300 25
(with less than a minute to go...)

Winston Churchill

Lisa
    $400 9
"Prometheus Unbound"

Suzanne
    $400 14
(S: What is HEB?)

7-11

Suzanne
    $400 19
CNN

Lisa
    $400 29
Bashful & Doc

Suzanne
    $400 5
Roman

Dave
    $400 26
Mathew Brady

Suzanne
    $500 10
Dorian Gray

Suzanne
    $500 15
Fort McHenry

Lisa
    $500 20
E!

Suzanne
    $500 30
(L: Who was Washington?)

Woodrow Wilson

SuzanneLisa
    $500 6
Registrar

Suzanne
    $500 27
(Suzanne: Who is Toulouse-Lautrec?)

Louis Braille

Suzanne
Triple Stumper

Scores at the first commercial break (after clue 14):

Suzanne Dave Lisa
$1,600 $1,200 $400

Scores at the end of the Jeopardy! Round:

Suzanne Dave Lisa
$3,600 $1,300 $1,100

Double Jeopardy! Round responses

THE WEST INDIES
FEATURE FILM DEBUTS
CIVIL ENGINEERING
WILD THINGS
NEW WORDS & PHRASES
HISTORY
(Alex: The one we're more familiar with.)
    $200 13
Neptune

Suzanne
    $200 8
Keanu Reeves

Dave
    $200 18
Lighthouse

Suzanne
    $200 27
Opossum

Dave
    $200 1
Computer

Dave
    $200 3
Marie Antoinette

Lisa
    $400 14
Cuba

Suzanne
    $400 9
Ethan Hawke

Lisa
    $400 22
Mole

Suzanne
    $400 26
Bison

Suzanne
    $400 2
VJ

Suzanne
    $400 4
(L: What is New York City?)

Geneva

SuzanneLisa
    $600 15
(D: What is Haiti?)

Dominican Republic

SuzanneDave
    $600 10
Reese Witherspoon

Dave
    $600 23
Canal

Dave
    $600 28
Lizard

Triple Stumper
    $600 19
Sampling

Suzanne
    $600 5
(L: What is Afghanistan?)
(D: What is Hungary?)

Czechoslovakia

SuzanneDaveLisa
    $800 16
(D: What is Freeport?)

Nassau

SuzanneDave
    $800 11
Ricki Lake

Dave
    $800 24
(L: What is a tunnel?)
(S: What is a dam?)

Aqueduct

SuzanneLisa
Triple Stumper
    $800 29
black & white rhinoceros

Dave
    $400 20
Goodfellas

Suzanne
    $800 6
Ottoman Empire

Suzanne
    $1000 17
St. Kitts and Nevis

Suzanne
    $1000 12
Thora Birch

Suzanne
    $1,000 25
(we have less than a minute to go, Dave...)

Army Corps of Engineers

Dave
    $1000 30
sharks

Dave
    $1000 21
(D: What is the Surgeon General?)

Spin doctor

SuzanneDave
    $1000 7
(S: What is Rome?)

Genoa

Suzanne
Triple Stumper

Scores at the end of the Double Jeopardy! Round:

Suzanne Dave Lisa
$11,000 $3,700 -$100
(lock game)

Final Jeopardy! Round responses

PRO BASKETBALL
(Alex: The Raptors, led by Vince Carter, against the Knicks.)
DaveWhat is Toronto?
$3,500
SuzanneWhat is Vancouver?
$1
Toronto

Final scores:

Suzanne Dave Lisa
$10,999 $7,200 -$100
Automatic semifinalist 2nd place: $2,500 if eliminated 3rd place: $2,500 if eliminated

Game dynamics:

Coryat scores:

Suzanne Dave Lisa
$11,800 $3,700 -$100
30 R
(including 1 DD),
4 W
(including 1 DD)
15 R
(including 1 DD),
5 W
9 R,
5 W

Combined Coryat: $15,400

[game clues] [game scores] [suggest correction]

Game tape date: 2000-09-15
The J! Archive is created by fans, for fans. Scraping, republication, monetization, and malicious use prohibited; this site may use cookies and collect identifying information. See terms. The Jeopardy! game show and all elements thereof, including but not limited to copyright and trademark thereto, are the property of Jeopardy Productions, Inc. and are protected under law. This website is not affiliated with, sponsored by, or operated by Jeopardy Productions, Inc. Join the discussion at JBoard.tv.